<?xml version="1.0" encoding="UTF-8"?>
<record
    xmlns:xsi="http://www.w3.org/2001/XMLSchema-instance"
    xsi:schemaLocation="http://www.loc.gov/MARC21/slim http://www.loc.gov/standards/marcxml/schema/MARC21slim.xsd"
    xmlns="http://www.loc.gov/MARC21/slim">

  <leader>01031nam a2200205   4500</leader>
  <controlfield tag="005">20250812111959.0</controlfield>
  <controlfield tag="008">250812b        mx |||||||| |||| 00| 0 spa d</controlfield>
  <datafield tag="050" ind1="0" ind2="4">
    <subfield code="a">F1306.83.M67</subfield>
    <subfield code="b">L89 2012</subfield>
  </datafield>
  <datafield tag="245" ind1="1" ind2="0">
    <subfield code="a">La luz del siervo de la naci&#xF3;n 200 a&#xF1;os de libertad : </subfield>
    <subfield code="b">igualdad y justicia</subfield>
    <subfield code="c">/ Compilador, Enrique Cortes Guzm&#xE1;n, &#xC1;ngel P&#xE9;rez Morales ; pr&#xF3;logo de Jaime Dar&#xED;o Oseguera M&#xE9;ndez ; presentaci&#xF3;n Cesar Ch&#xE1;vez Garibay</subfield>
  </datafield>
  <datafield tag="250" ind1=" " ind2=" ">
    <subfield code="a">Segunda edici&#xF3;n. </subfield>
  </datafield>
  <datafield tag="260" ind1=" " ind2=" ">
    <subfield code="a">Oaxaca, M&#xE9;xico :</subfield>
    <subfield code="b">Letras de Cantera, </subfield>
    <subfield code="c">2012. </subfield>
  </datafield>
  <datafield tag="300" ind1=" " ind2=" ">
    <subfield code="a">111 paginas. : </subfield>
    <subfield code="b">ilustraciones. ; </subfield>
    <subfield code="c">28 cm. </subfield>
  </datafield>
  <datafield tag="600" ind1="1" ind2=" ">
    <subfield code="a">Morelos y Pav&#xF3;n, Jos&#xE9; Mar&#xED;a,</subfield>
    <subfield code="d">1765-1815. </subfield>
    <subfield code="q">[Jos&#xE9; Mar&#xED;a Teclo Morelos Pav&#xF3;n y P&#xE9;rez]</subfield>
    <subfield code="v">Biograf&#xED;a </subfield>
  </datafield>
  <datafield tag="651" ind1=" " ind2="7">
    <subfield code="2">lemb </subfield>
    <subfield code="a">M&#xE9;xico </subfield>
    <subfield code="x">Historia </subfield>
    <subfield code="y">Guerra de Independencia, 1810-1821. </subfield>
  </datafield>
  <datafield tag="700" ind1="1" ind2=" ">
    <subfield code="a">Cortes Guzm&#xE1;n, Enrique,  </subfield>
    <subfield code="e">compilador. </subfield>
  </datafield>
  <datafield tag="700" ind1="1" ind2=" ">
    <subfield code="a">P&#xE9;rez Morales, &#xC1;ngel, </subfield>
    <subfield code="e">compilador. </subfield>
  </datafield>
  <datafield tag="700" ind1="1" ind2=" ">
    <subfield code="a">Oseguera M&#xE9;ndez, Jaime Dar&#xED;o, </subfield>
    <subfield code="e">pr&#xF3;logo.</subfield>
  </datafield>
  <datafield tag="700" ind1="1" ind2=" ">
    <subfield code="a">Ch&#xE1;vez Garibay, Cesar,</subfield>
    <subfield code="e">presentaci&#xF3;n. </subfield>
  </datafield>
  <datafield tag="942" ind1=" " ind2=" ">
    <subfield code="2">lcc</subfield>
    <subfield code="c">LIB</subfield>
  </datafield>
  <datafield tag="999" ind1=" " ind2=" ">
    <subfield code="c">172086</subfield>
    <subfield code="d">172084</subfield>
  </datafield>
  <datafield tag="952" ind1=" " ind2=" ">
    <subfield code="1">0</subfield>
    <subfield code="2">lcc</subfield>
    <subfield code="4">0</subfield>
    <subfield code="7">0</subfield>
    <subfield code="a">INV-033</subfield>
    <subfield code="b">INV-033</subfield>
    <subfield code="c">FM</subfield>
    <subfield code="d">2025-08-12</subfield>
    <subfield code="f">2a ed.</subfield>
    <subfield code="i">H</subfield>
    <subfield code="k">EH</subfield>
    <subfield code="l">0</subfield>
    <subfield code="o">F1306.83.M67 L89 2012</subfield>
    <subfield code="p">IIH000037529</subfield>
    <subfield code="r">2025-08-12 12:15:03</subfield>
    <subfield code="t">1</subfield>
    <subfield code="v">1.00</subfield>
    <subfield code="y">LIB</subfield>
  </datafield>
</record>
